000 00764nam a22002417a 4500
005 20210416052117.0
008 201110s2018 ||||| |||| 00| 0 eng d
020 _a9780983224631
040 _aeng
_cDLC
041 _aeng
080 _a616
_bS-24
100 _934
_aSattar, A. Husain
245 _aFundamentals of Pathology
_b: Medical Course and Step 1 Review 2018 Edition. Includes a subscription to online videos taught by Dr. Sattar
_c/ by Pathoma LLC, Author Husain A. Sattar
260 _aUSA
_bPathoma LLC
_c2018
300 _a223 pages
365 _b65 usd
650 0 _969
_aMedicine
650 0 _9112
_aPathology
653 _aმედიცინა
653 _aპათოლოგია
700 _934
_aSattar, A. Husain
942 _2udc
_cBK
999 _c104
_d104